000
00220nam a22001097a 4500
003
OSt
008
250203b |||||||| |||| 00| 0 eng d
041
_a
eng
100
_a
Gupta
_9
7049
245
_a
Steam Tables
942
_c
BK
999
_c
19272
_d
19272